01819nam a2200361 a 4500001001200000003000800012006001900020007001500039008004100054010001700095020003900112020002700151040002100178035002100199043001200220050002400232082001800256100003000274245015500304260009200459300002200551504005100573505033400624533015200958610003501110650003701145650004801182655002901230700002901259700002601288710001701314856012601331ebr10692205CaPaEBRm u cr cn|||||||||121210s2013 cauad sb 001 0 eng d z 2012049306 z9780804784726 (cloth : alk. paper) z9780804786324 (e-book) aCaPaEBRcCaPaEBR a(OCoLC)841909856 an-us---14aKF8742b.C69 2013eb04a347.73/262231 aCorley, Pamela C.,d1967-14aThe puzzle of unanimityh[electronic resource] :bconsensus on the United States Supreme Court /cPamela C. Corley, Amy Steigerwalt, and Artemus Ward. aStanford, Calif. :bStanford Law Books, an imprint of Stanford University Press,c2013. ax, 201 p. :bill. aIncludes bibliographical references and index.0 aThe Roosevelt court : the critical juncture from consensus to dissensus -- Closing the jaws of the decision-making vise : a theory and model of consensus -- A function of design : consensus in votes on the merits -- Monolithic solidarity : consensus in opinion writing -- An opportunity to clarify : unanimity and agenda setting. aElectronic reproduction.bPalo Alto, Calif. :cebrary,d2013.nAvailable via World Wide Web.nAccess may be limited to ebrary affiliated libraries.10aUnited States.bSupreme Court. 0aJudicial processzUnited States. 0aConsensus (Social sciences)zUnited States. 7aElectronic books.2local1 aSteigerwalt, Amy,d1976-1 aWard, Artemus,d1971-2 aebrary, Inc.40uhttp://site.ebrary.com/lib/rucke/Doc?id=10692205zAn electronic book accessible through the World Wide Web; click to view